Personnages de One Piece - Mort Subite - Statistiques

Statistiques générales
  • Ce quiz a été pris 1 394 fois
  • Le résultat moyen est 16 sur 20
Answers on the Grid
Answers color-coded by a green-red scale on the quiz's grid according to % correct below.
Monkey D. Luffy
Trafalgar D. Law
Tony Tony Chopper
Nami
Boa Hancock
Crocodile
Capone Bege
Big Mom
Edward Newgate
Smoker
Ener
Monkey D. Garp
Kozuki Momonosuke
Vegapunk
Cesar Clown
Baggy le Clown
Bellamy la Hyène
Charlotte Smoothie
Yamato
Alvida
Shenron
Kakashi Hatake
Obito Uchiwa
Danzo Shimura
Sosuke Aizen
Kisuke Urahara
Gin Ichimaru
Pual
Roy Mustang
Light Yagami
God Serena
Mister Sol
Kurapika
Yajirobé
Yor Forger
Mei Mei
Akane Tendo
Sasha Braus
Faye Valentine
Asuka Soryu Langley
 
Statistiques - réponses
Réponse % Correct
Nami
88%
Monkey D. Luffy
87%
Monkey D. Garp
86%
Trafalgar D. Law
86%
Baggy le Clown
85%
Crocodile
85%
Tony Tony Chopper
85%
Big Mom
84%
Boa Hancock
84%
Smoker
84%
Ener
81%
Bellamy la Hyène
80%
Vegapunk
80%
Alvida
79%
Edward Newgate
79%
Cesar Clown
78%
Kozuki Momonosuke
77%
Charlotte Smoothie
76%
Capone Bege
74%
Yamato
73%
Aucun quiz correspondant
Distribution des résultats
% des personnes avec chaque résultat
Percentile par nombre de réponses
Votre historique - résultats
Vous n’avez pas pris ce quiz